Sydney Movies by Picture - Statistics

General Stats
  • This quiz has been taken 179 times
  • The average score is 6 of 16
Answer Stats
Picture Answer % Correct
Finding Nemo
99%
Godzilla: Final Wars
81%
X-Men: Apocalypse
64%
The Rescuers Down Under
50%
Pacific Rim Uprising
47%
Mission: Impossible 2
46%
The Fall Guy
42%
The Adventures of Priscilla, Queen of the Desert
40%
Muriel’s Wedding
37%
Independence Day
36%
Strictly Ballroom
31%
Anyone but You
28%
Frost/Nixon
16%
Ladies in Black
6%
Napoleon
6%
Starstruck
3%
No matching quizzes found
Score Distribution
Percent of People with Each Score
Percentile by Number Answered
Your Score History
You have not taken this quiz